| 000 | 00779nam a2200241 a 4500 | ||
|---|---|---|---|
| 999 |
_c6324 _d6324 |
||
| 001 | 12990 | ||
| 003 | BD-DhUAP | ||
| 005 | 20201229142859.0 | ||
| 008 | 201229s2015 bg b 001 0 eng d | ||
| 020 | _a984321148X | ||
| 040 |
_aBD-DhUAP _cBD-DhUAP _dBD-DhUAP _bEng |
||
| 082 | 0 | 0 |
_a347.5492 HAL _223 |
| 100 | 1 | _aHalim, Md. Abdul. | |
| 245 | 1 | 0 |
_aThe Legal System of Bangladesh : _ba study of problems and procedure in legal institutions in Bangladesh / _cMd. Abdul Halim. |
| 250 | _a9th ed. | ||
| 260 |
_aDhaka : _bCCB Foundation, _cc2015. |
||
| 300 |
_a496 pages : _billustrations ; _c22 cm. |
||
| 504 | _aIncludes bibliography and index. | ||
| 650 | 0 | _aConstitutional Law. | |
| 650 | 0 |
_aLaw _zBangladesh. |
|
| 942 |
_2ddc _cBK |
||